Films avec Philippe Noiret - Statistiques

Statistiques générales
  • Ce quiz a été pris 19 fois
  • Le résultat moyen est 8 sur 16
Statistiques - réponses
Hint Réponse % Correct
Quatre amis décident de se réunir dans une grande maison pour accomplir un projet radical… en lien avec la nourriture, et sans retour possible. La Grande Bouffe
89%
Après un massacre atroce commis par des soldats, un homme retourne dans le village où il passait ses étés pour se venger. Le vieux fusil
89%
Après un événement marquant, un fermier décide soudain d’arrêter de travailler… et de vivre entièrement allongé. Alexandre le Bienheureux
78%
Un cinéaste se remémore son enfance dans un petit village où le projectionniste lui a transmis l’amour du septième art.. Cinema Paradiso
78%
Un flic expérimenté forme une nouvelle recrue aux “méthodes locales”, souvent à la limite de la légalité… voire un peu au-delà. Les Ripoux
78%
Dans une colonie africaine, un policier humilié par tous bascule peu à peu dans une spirale de vengeance… en toute discrétion. Coup de torchon
72%
Un artisan lyonnais découvre que son fils a commis l’irréparable, et tente de comprendre comment un garçon si discret a pu en arriver là. L’Horloger de Saint-Paul
56%
Au cœur d’une Bretagne déchirée par la Révolution française, un noble tente de protéger ses terres tandis qu’un affrontement impitoyable oppose bleus et insurgés. Chouans
50%
À la fin du XIXᵉ siècle, un magistrat interroge un vagabond accusé de multiples meurtres commis dans les campagnes, mais l’enquête met autant en lumière la folie de l’homme que celle de l’époque. Le juge et l'assassin
50%
Pour sauver leurs carrières en ruine, trois vieux acteurs embarquent malgré eux dans une histoire de truands et de faux tournage. Les Grands Ducs
50%
Juste après la Première Guerre mondiale, un officier tente d’identifier des milliers de corps disparus, croisant la quête de familles brisées. La Vie et rien d’autre
39%
Au XVIIIᵉ siècle, un puissant ministre tente de manipuler un duc libertin pendant qu’une révolte gronde en Bretagne. Que la fête commence
39%
Sur un navire militaire, un commandant se souvient d’un ancien camarade devenu une sorte de légende après plusieurs opérations clandestines. Le Crabe-Tambour
33%
Dans un petit port, un inspecteur enquête sur le corps d’un adolescent rejeté par la mer, et découvre que le village entier cache un secret bien plus sombre que la noyade apparente. Noyade interdite
17%
Un ancien militaire est recruté pour éliminer une femme jugée dangereuse, mais au contact de sa cible, sa mission prend une tournure beaucoup plus ambiguë que prévue. Il faut tuer Birgitt Haas
6%
Un commissaire obstiné soupçonne un homme d’être responsable de la mort de sa femme, et transforme une simple disparition en un duel psychologique étouffant. Pile ou Face
6%
Aucun quiz correspondant
Distribution des résultats
% des personnes avec chaque résultat
Percentile par nombre de réponses
Votre historique - résultats
Vous n’avez pas pris ce quiz